Výsledky Sekcie verejných prác v roku 1998 a zámery na rok 1999
Výsledky činnosti Sekcie verejných prác Ministerstva výstavby a verejných prác SR v roku 1998. Rozvojový program priorít verejných prác na roky 1999 - 2001. Základné okruhy pôsobnosti Sekcie verejných prác (SVP).
Saved in:
| Main Author: | |
|---|---|
| Format: | Book Chapter |
| Language: | Slovak |
| Subjects: | |
| Tags: |
No Tags, Be the first to tag this record!
|
MARC
| LEADER | 00000naa a2200000 4500 | ||
|---|---|---|---|
| 001 | r034170 | ||
| 005 | 20230925100228.8 | ||
| 041 | 0 | |a slo | |
| 044 | |a SK | ||
| 245 | 1 | 0 | |a Výsledky Sekcie verejných prác v roku 1998 a zámery na rok 1999 |c Miloš Nevický |
| 520 | |a Výsledky činnosti Sekcie verejných prác Ministerstva výstavby a verejných prác SR v roku 1998. Rozvojový program priorít verejných prác na roky 1999 - 2001. Základné okruhy pôsobnosti Sekcie verejných prác (SVP). | ||
| 610 | 2 | 0 | |a práce verejné |
| 610 | 2 | 0 | |a obstarávanie verejné |
| 610 | 2 | 0 | |a stavby verejnoprospešné |
| 610 | 2 | 0 | |a práce verejnoprospešné |
| 610 | 2 | 0 | |a expertízy |
| 610 | 2 | 0 | |a kvalita práce |
| 610 | 2 | 0 | |a správa štátna |
| 610 | 2 | 0 | |a Slovensko |
| 610 | 2 | 0 | |a Ministerstvo výstavby a verejných prác SR |
| 100 | 1 | |a Nevický, Miloš | |